Score 0/18 Timer 04:00
0 Plays Today
Title Missing Word % Correct
Where the _____ Things AreWild
97.2%
The _____ ExpressPolar
93.4%
Noah's _____Ark
89.9%
Cinderella, or the Little _____ SlipperGlass
84.6%
_____ KeepersFinders
67.3%
Why Mosquitoes _____ in People's EarsBuzz
65.9%
Saint George and the _____Dragon
54.4%
Lon Po Po: A Red-Riding Hood Story from _____China
50.3%
The Man Who Walked _____ the TowersBetween
49.6%
Title Missing Word % Correct
The Snowy _____ Day
46.3%
_____ and Dance ManSong
40.4%
Make Way for _____Ducklings
33.3%
May I _____ A Friend?Bring
26.6%
The _____ & the MouseLion
24.3%
The Three _____ Pigs
21%
The Biggest _____ Bear
18.8%
The _____ of Hugo CabretInvention
14%
This Is Not My _____ Hat
13.8%

Today's Daily Dose

Missing Word
Extinct Animals

Get the Picture
Cornetto Trilogy

Remove Ads.
Support Sporcle.
Get the best of Sporcle when you Go Orange. This ad-free experience offers more features, more stats, and more fun while also helping to support Sporcle. Thank you for becoming a member.

You're not logged in!

Compare scores with friends on all Sporcle quizzes.
OR
Log In

Show Comments

Extras

Top Quizzes Today


Score Distribution

Your Account Isn't Verified!

In order to create a playlist on Sporcle, you need to verify the email address you used during registration. Go to your Sporcle Settings to finish the process.

Report this User

Report this user for behavior that violates our Community Guidelines.

Details: